<?xml version="1.0" encoding="UTF-8"?>
<record
    xmlns:xsi="http://www.w3.org/2001/XMLSchema-instance"
    xsi:schemaLocation="http://www.loc.gov/MARC21/slim http://www.loc.gov/standards/marcxml/schema/MARC21slim.xsd"
    xmlns="http://www.loc.gov/MARC21/slim">

  <leader>01208nam0a2200265   4500</leader>
  <controlfield tag="001">RU\NLR\BIBL_A\010416948</controlfield>
  <controlfield tag="005">20250614045018.0</controlfield>
  <datafield tag="035" ind1=" " ind2=" ">
    <subfield code="a">(NLR Aleph) 010416948</subfield>
  </datafield>
  <datafield tag="090" ind1=" " ind2=" ">
    <subfield code="a">9795952</subfield>
    <subfield code="c">9795952</subfield>
  </datafield>
  <datafield tag="100" ind1=" " ind2=" ">
    <subfield code="a">20140717d1933    |||y0rusy50      ca</subfield>
  </datafield>
  <datafield tag="101" ind1="0" ind2=" ">
    <subfield code="a">sah</subfield>
  </datafield>
  <datafield tag="102" ind1=" " ind2=" ">
    <subfield code="a">RU</subfield>
  </datafield>
  <datafield tag="105" ind1=" " ind2=" ">
    <subfield code="a">y|||j||||||||</subfield>
  </datafield>
  <datafield tag="200" ind1="1" ind2=" ">
    <subfield code="a">&#x42D;&#x440;&#x438;&#x43F;&#x43C;&#x438;&#x44D;&#x442;&#x438;&#x43A;&#x44D; &#x441;&#x430;&#x434;&#x430;&#x430;&#x447;&#x430;&#x43B;&#x430;&#x440;&#x44B;&#x43D; &#x44D;&#x440;&#x447;&#x438;&#x43B;&#x438;&#x43B;&#x44D;&#x438;&#x43D; &#x445;&#x43E;&#x43C;&#x443;&#x443;&#x440;&#x430;</subfield>
    <subfield code="e">&#x43E;&#x442;&#x442;&#x43E; &#x43E;&#x441;&#x43A;&#x443;&#x43E;&#x43B;&#x430; &#x4AF;&#x4E9;&#x440;&#x44D;&#x445; 5-&#x441; &#x441;&#x44B;&#x43B;&#x430;</subfield>
    <subfield code="f">E. S. Bereseeniskej</subfield>
  </datafield>
  <datafield tag="210" ind1=" " ind2=" ">
    <subfield code="a">&#x41C;&#x43E;&#x441;&#x43A;&#x432;&#x430;</subfield>
    <subfield code="c">&#x423;&#x447;&#x43F;&#x435;&#x434;&#x433;&#x438;&#x437;</subfield>
    <subfield code="d">1933</subfield>
  </datafield>
  <datafield tag="215" ind1=" " ind2=" ">
    <subfield code="a">129,[3] &#x441;.</subfield>
    <subfield code="d">23</subfield>
  </datafield>
  <datafield tag="300" ind1=" " ind2=" ">
    <subfield code="a">&#x41B;&#x430;&#x442;&#x438;&#x43D;. &#x433;&#x440;&#x430;&#x444;&#x438;&#x43A;&#x430;</subfield>
  </datafield>
  <datafield tag="541" ind1="1" ind2=" ">
    <subfield code="a">&#x421;&#x431;&#x43E;&#x440;&#x43D;&#x438;&#x43A; &#x437;&#x430;&#x434;&#x430;&#x447; &#x438; &#x443;&#x43F;&#x440;&#x430;&#x436;&#x43D;&#x435;&#x43D;&#x438;&#x439; &#x43F;&#x43E; &#x430;&#x440;&#x438;&#x444;&#x43C;&#x435;&#x442;&#x438;&#x43A;&#x435;</subfield>
    <subfield code="e">&#x434;&#x43B;&#x44F; &#x441;&#x440;&#x435;&#x434;. &#x448;&#x43A;.</subfield>
    <subfield code="e">5-&#x439; &#x433;&#x43E;&#x434; &#x43E;&#x431;&#x443;&#x447;&#x435;&#x43D;&#x438;&#x44F;</subfield>
    <subfield code="z">rus</subfield>
  </datafield>
  <datafield tag="606" ind1="1" ind2=" ">
    <subfield code="a">&#x410;&#x440;&#x438;&#x444;&#x43C;&#x435;&#x442;&#x438;&#x43A;&#x430;</subfield>
    <subfield code="j">&#x423;&#x447;&#x435;&#x431;&#x43D;&#x44B;&#x435; &#x438;&#x437;&#x434;&#x430;&#x43D;&#x438;&#x44F; &#x434;&#x43B;&#x44F; &#x441;&#x440;&#x435;&#x434;&#x43D;&#x435;&#x439; &#x448;&#x43A;&#x43E;&#x43B;&#x44B;</subfield>
    <subfield code="x">&#x417;&#x430;&#x434;&#x430;&#x447;&#x438;</subfield>
    <subfield code="9">1006151</subfield>
    <subfield code="3">RU\NLR\AUTH\6664596</subfield>
  </datafield>
  <datafield tag="686" ind1="1" ind2=" ">
    <subfield code="a">&#x412;10 &#x44F;72</subfield>
  </datafield>
  <datafield tag="700" ind1=" " ind2="1">
    <subfield code="4">340</subfield>
    <subfield code="7">ca</subfield>
    <subfield code="8">rus</subfield>
    <subfield code="a">&#x411;&#x435;&#x440;&#x435;&#x437;&#x430;&#x43D;&#x441;&#x43A;&#x430;&#x44F;</subfield>
    <subfield code="b">&#x415;. &#x421;.</subfield>
    <subfield code="c">&#x43A;&#x430;&#x43D;&#x434;. &#x43F;&#x435;&#x434;. &#x43D;&#x430;&#x443;&#x43A;</subfield>
    <subfield code="f">1891-1969</subfield>
    <subfield code="g">&#x415;&#x43B;&#x438;&#x437;&#x430;&#x432;&#x435;&#x442;&#x430; &#x421;&#x430;&#x432;&#x435;&#x43B;&#x44C;&#x435;&#x432;&#x43D;&#x430;</subfield>
    <subfield code="9">219909</subfield>
    <subfield code="3">RU\NLR\AUTH\770219965</subfield>
  </datafield>
  <datafield tag="852" ind1=" " ind2=" ">
    <subfield code="a">NLR</subfield>
    <subfield code="b">&#x41E;&#x41D;&#x41B;</subfield>
    <subfield code="j">&#x42F;&#x43A;&#x443;&#x442;./3-1063</subfield>
  </datafield>
  <datafield tag="942" ind1=" " ind2=" ">
    <subfield code="c">BOOK</subfield>
  </datafield>
  <datafield tag="980" ind1=" " ind2=" ">
    <subfield code="a">NB</subfield>
  </datafield>
  <datafield tag="995" ind1=" " ind2=" ">
    <subfield code="5">2014-07-17</subfield>
    <subfield code="b">NLR01</subfield>
    <subfield code="c">NLR01</subfield>
    <subfield code="e">ONL</subfield>
    <subfield code="f">1-382482</subfield>
    <subfield code="k">&#x41E;&#x41D;&#x41B; &#x42F;&#x43A;&#x443;&#x442;./3-1063</subfield>
    <subfield code="o">0</subfield>
    <subfield code="r">BOOK</subfield>
    <subfield code="s">_31063</subfield>
  </datafield>
</record>
